000 00609nam a2200193Ia 4500
003 GCL
008 140319s9999 xx 000 0 ara d
040 _aGCL /
_cGCL
082 0 4 _a823.043
_bج ا
100 1 _aاحمد خاكى
245 1 0 _aالابن الاكبر /
_cاحمد خاكى
700 1 _aجلزورذى، جون
700 1 _aحسن عبدالمقصود حسن
300 _a148 ص
490 _aروائع المسرح العالمى
_v0
650 0 4 _aالادب الانجليزى المترجم
650 0 4 _aالمسرحيات الانجليزية المترجمة
942 _2ddc
_cBK
999 _c47435
_d47435